Normal view
MARC view
Entry Personal Name
001 - CONTROL NUMBER
- control field: 556605
003 - CONTROL NUMBER IDENTIFIER
- control field: OSt
005 - DATE AND TIME OF LATEST TRANSACTION
- control field: 20220930094904.0
008 - FIXED-LENGTH DATA ELEMENTS
- fixed length control field: 220930|| aca||aabn | a|a d
040 ## - CATALOGING SOURCE
- Original cataloging agency: OSt
- Transcribing agency: OSt
100 ## - HEADING--PERSONAL NAME
- Personal name: भारद्वाज, रमेश चन्द्र, ले
670 ## - SOURCE DATA FOUND
- Source citation: Work cat.: (OSt)887873: भारद्वाज, रमेश चन्द्र, ले., ब्राह्मण ग्रन्थों में प्रतिबिम्बित अर्थव्यवस्था, 2016
